Естрадни песни [Нотирана музика] (Запис номер 349936)
[ съкратено ]
| 000 -Лидер | |
|---|---|
| Контролно поле с фиксирана дължина | 01875ncm a2200289 a 4500 |
| 003 - Код на организацията, давaща контролен номер | |
| Контролно поле | BLK |
| 005 - Дата и час на последна редакция | |
| Контролно поле | 20250308161130.0 |
| 008 - Елементи от данни с фиксирана дължина | |
| fixed length control field | 200330b bu ||||| |||| 00| 0 bu d |
| 040 ## - Източник на каталожния запис | |
| Идентификатор на билиотеката - собственик на записа | BLK |
| 041 ## - Код за език | |
| Код за езика на текст/звукозапис или на отделно заглавие | Български |
| Код за езика КДБФ | Български |
| 080 ## - УДК | |
| Текстов определител УДК | Други видове песни. - Естрада, джаз. Стари градски. Рок-и попмузика. Чалга(поп-фолк) |
| УДК код - определител по УДК | 784.7 |
| УДК - код + определител | 784.7 |
| 100 1# - Редна дума - Автор | |
| Автор | Русев, Тончо Русев |
| Дати, свързани с автора | 1932 - 2018 |
| Автор - информация (биография) | Композитор |
| R(LIN) | 117583 |
| 139 ## - Редно поле | |
| Редна дума | Русев, Тончо Русев |
| Авторски знак | Русе - Р 94 |
| 245 ## - Сведения за заглавието | |
| Заглавие | Естрадни песни [Нотирана музика] |
| Подзаглавни данни | [За соло пеене, вокални групи и съпровод на пиано] |
| Редно поле (дума) | Тончо Русев |
| 260 ## - Област на издателските данни | |
| 9 (RLIN) | 209548 |
| Място на издаване, разпространение и проч. | София |
| Име на издателя, разпространителя и проч. | Наука и изкуство |
| Година на издаване | 1973 |
| 300 ## - Физическа характеристика | |
| Страници | 1 партитура (60 с.) |
| Размери/Мащаб | 28 см |
| 380 ## - Жанр | |
| Жанр | Изкуство |
| 500 ## - Общи забележки | |
| Забележка | Съдържа:<br/>Панаири : h-cis2 ; Приказка : d1-g2 ; Огънят : c1-as2 и 2-гласна вокална група ; Птицата : a-c2 ; Свят : g-g1 и 3-гласна вокална група ; Аугуста : a-c2 ; Мечта : a-e1 ; Обичам те : fis-c2 ; Щом сме с песента : a-d2 и 3-гласна вокална група ; Молитва : c1-f2 ; Нищо особено : c1-f1 и 3-гласна вокална група ; Нашето слънце : d1-f2 ; Стъпки : b-c2 ; Срещна ни случаен ден : h-h1 / текст Дамян Дамянов. Твоя мъжки път : a-g2 и 2-гласна вокална група / текст Михаил Берберов. |
| 852 ## - Местоположение | |
| Форматна сигнатура | М ІІ 6390 |
| 999 ## - СИСТЕМНИ КОНТРОЛНИ НОМЕРА | |
| Koha biblionumber | 349936 |
| Koha biblioitemnumber | 349936 |
| 942 ## - АРТИКУЛИ | |
| Вид на библиотечния материал | Нотни издания |
| Скрит в OPAC | Не |
| Периодичен библиозапис | Да |
| 944 ## - СЪЗДАВАНЕ И РЕДАКЦИЯ на ЗАПИСА | |
| Създаване/Редакция | Създаване |
| Дата на регистрацията/редакция | 2020-03-30 |
| Статус, дата на статуса | Геновева Генчева |
| Служител, извършил регистрацията/редакцията | 30560 |
| 999 ## - СИСТЕМНИ КОНТРОЛНИ НОМЕРА | |
| Koha biblioitemnumber | 349936 |
| 999 ## - СИСТЕМНИ КОНТРОЛНИ НОМЕРА | |
| Koha biblioitemnumber | 349936 |
| 999 ## - СИСТЕМНИ КОНТРОЛНИ НОМЕРА | |
| Koha biblioitemnumber | 349936 |
| 999 ## - СИСТЕМНИ КОНТРОЛНИ НОМЕРА | |
| Koha biblioitemnumber | 349934 |
| 999 ## - СИСТЕМНИ КОНТРОЛНИ НОМЕРА | |
| Koha biblioitemnumber | 349931 |
| Код за отписване | Код за изгубен артикул | Източник на класификационната схема | Код за повреда | Коз за рестрикции | Код за отдаване | Артикулен № | Име на библиотеката - собственик | Име на библиотеката, в която се намира в момента | Статус (Текущо местоположение) | Дата на вписване в системата | Местоположение - отдел | Цена в лева | Инвентарен номер | Систематично азбучна сигнатура | Баркод | Цена в евро | Служебен тип на артикула |
|---|---|---|---|---|---|---|---|---|---|---|---|---|---|---|---|---|---|
| Не е изгубен | Universal Decimal Classification | Не е повреден | без рестрикции | заемане за дома | 757110 | Регионална библиотека "Любен Каравелов" Русе | Регионална библиотека "Любен Каравелов" Русе | Отдел Изкуство - подръчен фонд | 2020-03-31 | Отдел Изкуство - подръчен фонд | 1.88 | 152411 | 784/Р 94 Т | 120000152411 | 0.96 | Нотни издания | |
| Не е изгубен | Universal Decimal Classification | Не е повреден | без рестрикции | заемане за дома | 757111 | Регионална библиотека "Любен Каравелов" Русе | Регионална библиотека "Любен Каравелов" Русе | Отдел Изкуство - подръчен фонд | 2020-03-31 | Отдел Изкуство - подръчен фонд | 1.88 | 152415 | 784/Р 94 Т | 120000152415 | 0.96 | Нотни издания | |
| Не е изгубен | Universal Decimal Classification | Не е повреден | само за читалня | ползва се в читалня | 770178 | Регионална библиотека "Любен Каравелов" Русе | Регионална библиотека "Любен Каравелов" Русе | Хранилище | 2020-05-17 | Хранилище | 1.88 | 152395 | Цб М ІІ 6390 | 900000013934 | 0.96 | Нотни издания |